00246nam a2200085 a 450000500170000000800410001705000200005810000250007824500570010320140408090011.0021114s19uu xx 00 eng d aPGS '99bBAU #7 aBautista, Kristianne aA Survey on the eating habits of grade 6-B students.